Východoeurópski kolaboranti s nacizmom

Po páde východného bloku došlo k zmene niektorých hodnôt. V krajinách, ktoré sa po zániku SSSR osamostatnili však dochádza k pokusom o rehabilitáciu hnutí, ktoré počas druhej svetovej vojny kolaborovali s nacistickými okupantmi. Fakty o kolaborantoch na Ukrajine, v Pobaltí, ruských kolaborantských v...

Description complète

Enregistré dans:
Détails bibliographiques
Auteur principal: Greguš, Peter
Format: Chapitre de livre
Langue:slovaque
Sujets:
Tags: Ajouter un tag
Pas de tags, Soyez le premier à ajouter un tag!

MARC

LEADER 00000naa$a2200000$$$4500
001 0062902
005 20240502071721.0
041 0 |a slo 
044 |a SK 
245 1 0 |a Východoeurópski kolaboranti s nacizmom  |c Peter Greguš 
520 |a Po páde východného bloku došlo k zmene niektorých hodnôt. V krajinách, ktoré sa po zániku SSSR osamostatnili však dochádza k pokusom o rehabilitáciu hnutí, ktoré počas druhej svetovej vojny kolaborovali s nacistickými okupantmi. Fakty o kolaborantoch na Ukrajine, v Pobaltí, ruských kolaborantských vojenských jednotkách a kolaborantoch na Kaukaze. 
610 2 0 |a vojny 
610 2 0 |a Nemecko 
610 2 0 |a Európa 
610 2 0 |a vojaci 
100 1 |a Greguš, Peter